• 首页
  • 本馆介绍
  • 公告通知
  • 最新文献
  • 馆藏检索
  • 电子资源
  • 读者导购
  • 参考咨询
  • 我的图书馆
  • 登录
  • 详细信息显示
  • 放入我的书架
  • 预约/预借图书
  • 作者相关作品
  • 分类相关作品
  • 丛书相关作品
  • 出版社相关作品

书目信息

  • 表格格式
  • 工作单格式
  • 卡片格式
题名:
过程控制系统及仪表
    
 
作者: 周小林 主编
分册:  
出版信息: 大连   大连理工大学出版社  1999
页数: 299页
开本: 26cm
丛书名:
单 册:
中图分类: TP216
科图分类: 73.8655
主题词: 过程控制--自动化仪表
电子资源:
ISBN: 978-7-5611-1501-5
000 00701n|m0 2200241 450
001 0102534088
005 20121109170000.0
010    @a978-7-5611-1501-5@dCNY35.00
100    @a20021005d1999 emky0chiy0110 ea
101 0  @achi
102    @aCN@b210000
105    @ay z 000yy
135    @adrbn ---auuuu
200 1  @a过程控制系统及仪表@9Guo Cheng Kong Zhi Xi;Ji Tong Ji Yi Biao @f周小林主编@b电子资源.图书
210    @a大连@c大连理工大学出版社@d1999
215    @a299页@d26cm
325    @a电子复制品
606 0  @a过程控制@x自动化仪表
690    @aTP216@v3
692    @a73.8655@v2
701  0 @a周小林@9zhou xiao lin@4主编
801  0 @aCN@bAZmarc@c20230903
905    @dTP216@e4@f5@sTP216/4@aBZT
    
    过程控制系统及仪表/周小林主编[电子资源.图书].-大连:大连理工大学出版社,1999
    299页;26cm
    
    
    ISBN 978-7-5611-1501-5:CNY35.00
    
●
相关链接 在五车中查询图书 在当当中查询图书 在豆瓣中查询图书


正题名:过程控制系统及仪表     索取号:TP216/4         预约/预借

序号 登录号 条形码 馆藏地/架位号 状态 备注
1 2000010691   2000010691   旧书回溯/ [索取号:TP216/4] 在馆    
2 2000010692   2000010692   旧书回溯/ [索取号:TP216/4] 在馆    
3 2000010693   2000010693   旧书回溯/ [索取号:TP216/4] 在馆    
4 2000010694   2000010694   旧书回溯/ [索取号:TP216/4] 在馆    
5 2000010695   2000010695   旧书回溯/ [索取号:TP216/4] 在馆    
山东省滨州职业学院图书馆 欢迎您!
大连网信软件有限公司© 版权所有